000 00340nam a2200145Ia 4500
008 230718s9999 xx 000 0 und d
041 _aEng.
082 _a346.047
_bJUS-A
100 _ajustice faazal karim
245 0 _aacess of justice
260 _aPakistan
_bpakistan law house
_c2020
300 _a626
650 _aLaw
999 _c33033
_d33033